Statistics for Can You Name The Last Five NBA All-Stars per team?

Click here to take the quiz!

General Stats

  • This quiz has been taken 98 times
  • The average score is 95 of 150

Answer Stats

TeamPlayers% Correct
Cleveland CavaliersLeBron James
93%
Kyrie Irving
91%
Houston RocketsJames Harden
90%
David West
88%
Chris Paul
87%
Russell Westbrook
87%
Golden State WarriorsStephen Curry
87%
Los Angeles ClippersDeandre Jordan
85%
Kevin Durant
85%
| Oklahoma City ThunderPaul George
85%
Dwyane Wade
84%
John Wall
84%
Klay Thompson
84%
Memphis GrizzliesMarc Gasol
84%
Pau Gasol
84%
Blake Griffin
82%
| Denver NuggetsCarmelo Anthony
82%
Caron Butler
82%
Chicago Bulls | Minnesota TimberwolvesJimmy Butler
82%
Kevin Garnett
82%
| Boston CelticsAl Horford
81%
Los Angeles LakersKobe Bryant
81%
| Phoenix SunsSteve Nash
81%
Tim Duncan
81%
Chris Bosh
79%
Derrick Rose
79%
Draymond Green
79%
| Orlando MagicDwight Howard
79%
Josh Howard
79%
Charlotte HornetsKemba Walker
79%
Kevin Love
79%
Ray Allen
79%
New Orleans Pelicans | Sacramento KingsDeMarcus Cousins
78%
Toronto RaptorsDemar Derozan
78%
Dallas MavericksDirk Nowitzki
78%
Isaiah Thomas
78%
Jason Kidd
78%
Tony Parker
78%
Anthony Davis
76%
Antonio Davis
76%
Baron Davis
76%
Portland Trail BlazersDamian Lillard
76%
| Brooklyn NetsJoe Johnson
76%
Kawhi Leonard
76%
Kyle Lowry
76%
Allen Iverson
75%
Jeff Teague
75%
Jermaine O'Neal
75%
Kyle Korver
75%
Shaquille O'Neal
75%
Philadelphia 76ersJoel Embiid
73%
Rajon Rondo
73%
Wahington WizardsBradley Beal
72%
Milwaukee BucksGiannis Antetokounmpo
72%
| San Antonio SpursLaMarcus Aldridge
72%
Joakim Noah
69%
Karl-Anthony Towns
69%
Atlanta HawkPaul Millsap
69%
Tracy McGrady
69%
Chauncey Billups
67%
Deron Williams
67%
Gerald Wallace
67%
Manu Ginobili
67%
Mo Williams
67%
Rasheed Wallace
67%
Vince Carter
67%
Amar'e Stoudemire
66%
Brook Lopez
66%
Yao Ming
66%
Chris Webber
63%
Indiana PacersVictor Oladipo
63%
Detroit PistonsAndre Drummond
61%
Brad Miller
60%
Zach Randolph
58%
New York KnicksKristaps Porzingis
55%
Carlos Boozer
54%
Utah JazzGordan Hayward
54%
Shawn Marion
54%
Miami HeatGoran Dragic
52%
Andre Iguodala
49%
Richard Hamilton
48%
Glenn Robinson
46%
Dikembe Mutombo
45%
Elton Brand
45%
Jameer Nelson
45%
Peja Stojakovic
45%
Andrew Bynum
43%
Clyde Drexler
43%
Steve Francis
43%
Gilbert Arenas
42%
Grant Hill
42%
Eddie Jones
40%
Brandon Roy
39%
Luol Deng
39%
Zydrunas Ilgauskas
39%
Michael Redd
36%
Tyson Chandler
36%
Jrue Holiday
34%
Glen Rice
33%
Roy Hibbert
33%
Vlade Divac
33%
Antawn Jamison
30%
David Lee
30%
Andrei Kirilenko
28%
Rashard Lewis
28%
Mike Bibby
27%
Sam Cassell
27%
Stephon Marbury
27%
Danny Granger
24%
Michael Finley
24%
Shareef Abdur-Rahim
24%
Devin Harris
22%
Lebron James
19%
Chris Kaman
18%
Mehmet Okur
16%
Chris Bosh
13%
Vin Baker
13%
Pau Gasol
7%
Antonio McDyess
4%

Score Distribution

Percentile by Number Answered

Percent of People with Each Score

Your Score History

You have not taken this quiz